| 000 | 00949nam a2200229 a 4500 | ||
|---|---|---|---|
| 003 | 0 | ||
| 005 | 20250623101103.0 | ||
| 008 | 030604s19uu xx 00 eng d | ||
| 050 |
_aPGS PN 1992.77 _b.P579 1997 |
||
| 050 |
_aPGS PN 1992.77 _b.P579 1997 |
||
| 100 | _aPiad, Rexianne Caroline M. | ||
| 245 |
_aThe influence of TV programs on the behavior of S.I.S. grade 6 students, SY 1996-1997 in and out of school. _cRexianne Caroline M. Piad. |
||
| 260 |
_aLas PiƱas City, Philippines : _bSouthville International School and Colleges, _c1997. |
||
| 300 |
_a66 pages : _bcolored illustrations ; _c28 cm. |
||
| 504 | _aIncludes bibliographical references. | ||
| 650 |
_aTelevision and children _vPhilippines. |
||
| 650 |
_aTelevision _vPsychological aspects. |
||
| 650 |
_aTelevision programs _vInfluence. |
||
| 650 |
_aChildren _vAttitudes and behavior. |
||
| 650 |
_aGrade school students _vAttitudes and behavior. |
||
| 942 |
_2lcc _cPASS |
||
| 999 |
_c96102 _d96102 |
||